Cenozoic Deformation of the Franciscan Complex, Eastern Santa Maria Basin, California. Regional Thermal Maturity of Surface Rocks, Onshore Santa Maria Basin and Santa Barbara - ventura Basin Area.

التفاصيل البيبلوغرافية
المؤلف الرئيسي: Wahl A. D. Arthur D.
اللغة:الإنجليزية
منشور في: Washington, United States Government Printing office, 1998
سلاسل:Bulletin 1995
الموضوعات:
التنسيق: كتاب
KOHA link:https://koha.lib.tpu.ru/cgi-bin/koha/opac-detail.pl?biblionumber=80394

MARC

LEADER 00000nam0a2200000 4500
001 80394
005 20231031094602.0
035 |a (RuTPU)RU\TPU\book\86406 
090 |a 80394 
100 |a 20050905d1995 k y0engy50 ba 
101 0 |a eng 
102 |a US 
105 |a a z 000zy 
200 1 |a Cenozoic Deformation of the Franciscan Complex, Eastern Santa Maria Basin, California. Regional Thermal Maturity of Surface Rocks, Onshore Santa Maria Basin and Santa Barbara - ventura Basin Area.  |f A. D. Wahl 
210 |a Washington  |c United States Government Printing office  |d 1998 
215 |a 31 p.  |c il. 
225 1 |a Bulletin  |v 1995 
610 1 |a геология 
610 1 |a геодинамика 
610 1 |a горы 
610 1 |a горообразование 
610 1 |a региональная тектоника 
610 1 |a США 
610 1 |a английский язык 
675 |a 551.24(7)  |v 3 
700 1 |a Wahl  |b A. D.  |g Arthur D. 
801 1 |a RU  |b 63413507  |c 20050905  |g PSBO 
801 2 |a RU  |b 63413507  |c 20100914  |g PSBO 
942 |c BK